Best NBA foreign players - Statistics

General Stats
  • This quiz has been taken 771 times
  • The average score is 11 of 20
Answer Stats
(Country) Teams played Player % Correct
France (Spurs) Tony Parker
94%
Canada (Suns, Mavericks, Lakers) Steve Nash
90%
Argentina (Spurs) Manu Ginobili
82%
China (Rockets) Yao Ming
82%
Greece (Bucks) Giannis Antetokounmpo
79%
Latvia (Knicks) Kristaps Porzingis
79%
Cameroon (76ers) Joel Embiid
66%
New Zealand (Thunder) Steve Adams
62%
Australia (Bucks, Warriors, Mavericks) Andrew Bogut
58%
Brazil (Nuggets, Wizards, Rockets) Nene
57%
Nigeria (Rockets) Hakeem Olajuwon
48%
Brazil (Cavaliers, Warriors) Anderson Varejao
45%
Argentina (Rockets, Suns, Pacers, Raptors, Nets) Luis Scola
45%
Lithuania (Cavaliers, Heat) Zydrunas Ilgauskas
45%
Lithuania (Raptors) Jonas Valanciunas
44%
Croatia (Bulls, 76ers, Hawks, Bucks) Toni Kukoc
41%
Australia (Cavaliers, Bucks) Matthew Dellavedova
38%
Latvia (Warriors, Jazz) Andris Biedrins
24%
Senegal (Timberwolves) Gorgui Dieng
21%
Bahamas (Trail Blazers, Spurs, Lakers) Mychal Thompson
12%
No matching quizzes found
Score Distribution
Percent of People with Each Score
Percentile by Number Answered
Your Score History
You have not taken this quiz